000 00856nam a2200277Ia 4500
003 OSt
005 20221006153355.0
006 a|||||r|||| 00| 0
007 ta
008 221006b |||||||| |||| 00| 0 eng d
020 _a9780765603883
_c¥5,240
024 _a32,154
037 _bGift, Japan Foundation
_cTextual
040 _aEASL
_cEASL
_beng
041 _2eng
_aeng
082 _aO420aNW, P0
100 _aMcDONALD Keiko I Au.
_9663601
245 0 _aFrom book to screen
_b Modern Japanese literature in film
260 _aArmonk
_bM.E. Sharpe
_c2000
300 _a326p.
_ccm.
490 _v JEL
650 _a Film and video adaptations
_9663602
650 _aMotion pictures and literature-Japan
_9663603
942 _hO420aNW, P0
_cTEXL
_2CC
999 _c1100240
_d1100240